L'économie israélienne a la recherche d'un second souffle.

Piliermi izraelského rozvoja sú poľnohospodárstvo, turistika a priemysel. Poľnohospodárstvo zápasí s nedostatkom vody. Turistika prináša 25 až 30 perc. devíz. Význam má aj vojenský priemysel. Šance a riziká emigrácie, ktorá za 2 roky dosiahla prírastok 20 perc. Rast, rozpočtový deficit a inflácia v...

ver descrição completa

Na minha lista:
Detalhes bibliográficos
Formato: Capítulo de Livro
Idioma:francês
Assuntos:
Tags: Adicionar Tag
Sem tags, seja o primeiro a adicionar uma tag!

MARC

LEADER 00000naa a2200000 4500
001 r008445
005 20220913125022.0
041 0 |a fre 
044 |a FR 
245 1 0 |a L'économie israélienne a la recherche d'un second souffle. 
520 |a Piliermi izraelského rozvoja sú poľnohospodárstvo, turistika a priemysel. Poľnohospodárstvo zápasí s nedostatkom vody. Turistika prináša 25 až 30 perc. devíz. Význam má aj vojenský priemysel. Šance a riziká emigrácie, ktorá za 2 roky dosiahla prírastok 20 perc. Rast, rozpočtový deficit a inflácia v ekonomike. Populácia a HDP. Zahraničná pomoc. Potreba liberalizácie a privatizácie hospodárstva. (Conjoncture-Paribas 1991, december). 
610 2 0 |a rozvoj hospodársky 
610 2 0 |a Izrael 
610 2 0 |a poľnohospodárstvo 
610 2 0 |a turistika 
610 2 0 |a priemysel zbrojársky 
610 2 0 |a inflácia 
610 2 0 |a pomoc hospodárska 
610 2 0 |a liberalizácia 
610 2 0 |a privatizácia